000 00953nam a2200265Ia 4500
003 GCL
008 140319s9999 xx 000 0 ara d
020 _a097829953
040 _aGCL /
_cGCL
082 0 4 _a320.15
_bح س
100 1 _aحافظ عبدالرحيم
245 1 0 _aالسيادة والسلطة :
_bالآفاق الوطنية والحدود العالمية /
_cحافظ عبدالرحيم
700 1 _aفتحى العفيفى
700 1 _aمحمد عبيد غباش
250 _aالاولى
260 _aبيروت :
_bمركز دراسات الوحدة العربية ،
_c2006
300 _a208 ص ؛
_c24 سم
490 _aسلسلة كتب المستقبل العربى
_v52
650 0 4 _aالنظم السياسية
650 0 4 _aالسلطة التنفيذية
650 0 4 _aالاخلاق السياسية
650 0 4 _aسيادة الدولة
650 0 4 _aالممارسة السياسية
942 _2ddc
_cBK
999 _c9015
_d9015